Introduction to Population Biology. (Record no. 263)

MARC details
005 - DATE AND TIME OF LATEST TRANSACTION
control field 20250619141028.0
020 ## - INTERNATIONAL STANDARD BOOK NUMBER
International Standard Book Number 978-0-521-53223-5
082 ## - DEWEY DECIMAL CLASSIFICATION NUMBER
Classification number 301.32 NEA
100 ## - MAIN ENTRY--PERSONAL NAME
Author name NEAL, D.
245 ## - TITLE STATEMENT
Title Introduction to Population Biology.
260 ## - PUBLICATION, DISTRIBUTION, ETC.
Place of publication, distribution, etc. New York,
Name of publisher, distributor, etc. Cambridge University Press,
Date of publication, distribution, etc. 2004.
300 ## - PHYSICAL DESCRIPTION
Extent xiii, 393p.: ill.; figure, graph, picture, table,
Other physical details glossary, Index & References,
Dimensions 25cm
856 ## - ELECTRONIC LOCATION AND ACCESS
Link text Access Online Book
Electronic name science
Path www.cambridge.org
942 ## - ADDED ENTRY ELEMENTS (KOHA)
Source of classification or shelving scheme Dewey Decimal Classification
Koha item type Books
Holdings
Date last seen Total checkouts Full call number Barcode Cost, replacement price Price effective from Koha item type Lost status Source of classification or shelving scheme Damaged status Not for loan Withdrawn status Home library Current library Shelving location Date acquired Cost, normal purchase price
03/10/2025   301.32 NEA 000000990 90000.00 03/10/2025 Books   Dewey Decimal Classification       College of Business Education Main Library College of Business Education Main Library General Collection 03/10/2025 30000.00